| 000 | 01562nam a2200313u 4500 | ||
|---|---|---|---|
| 005 | 00000000000000.0 | ||
| 008 | 810522s1962 nyua j 000 0 eng | ||
| 010 | _aB-357823 | ||
| 020 |
_a9780746057834 _c65.00 |
||
| 020 |
_a0746057830 _c65.00 |
||
| 035 | _aB-357823 | ||
| 035 | _aB-345577-578 | ||
| 037 | _bTarun Books | ||
| 040 |
_adpl _bEnglish |
||
| 082 | _aS | ||
| 100 | _aBingham, Jane | ||
| 245 |
_aThe story of trains / _cby Jane Bingham; illustrated by Colin King |
||
| 260 |
_aLondon _bUsborne Publishing _c2004 |
||
| 270 |
_aUsborne House, 83-85 Saffron Hill, _bLondon _eEC 1N 8RT _mwww.usborne.com |
||
| 300 |
_a64p.: _bill. _c20cm(pbk) |
||
| 490 |
_aUsborne young reading; edited by Lesley Sims _vseries two |
||
| 700 | _aKing, Colin | ||
| 942 |
_2ddc _cCH _hS _mBIN |
||
| 999 |
_c21680 _d21680 |
||